Applied physics Vol 2 (Record no. 8086)
[ view plain ]
| 000 -LEADER | |
|---|---|
| fixed length control field | 00263nam a2200109Ia 4500 |
| 008 - FIXED-LENGTH DATA ELEMENTS--GENERAL INFORMATION | |
| fixed length control field | 191201s2013 xx 000 0 und d |
| 100 ## - MAIN ENTRY--PERSONAL NAME | |
| Personal name | NARULA, TR |
| 245 #0 - TITLE STATEMENT | |
| Title | Applied physics Vol 2 |
| 260 ## - PUBLICATION, DISTRIBUTION, ETC. (IMPRINT) | |
| Date of publication, distribution, etc | 2013 |
| Name of publisher, distributor, etc | NORTH PUB. |
| Place of publication, distribution, etc | NEW DELHI |
| 300 ## - PHYSICAL DESCRIPTION | |
| Extent | 308 |
| 942 ## - ADDED ENTRY ELEMENTS (KOHA) | |
| Source of classification or shelving scheme | Dewey Decimal Classification |
| Koha item type | Text Books |
| 942 ## - ADDED ENTRY ELEMENTS (KOHA) | |
| -- | 12 |
| Withdrawn status | Lost status | Source of classification or shelving scheme | Damaged status | Not for loan | Collection code | Home library | Current library | Date acquired | Source of acquisition | Cost, normal purchase price | Bill Number | Total Checkouts | Full call number | Acc. no. / Barcode | Date last seen | Bill Date | Koha item type | Checked out | Date last borrowed |
|---|---|---|---|---|---|---|---|---|---|---|---|---|---|---|---|---|---|---|---|
| Dewey Decimal Classification | Diploma in Mechanical | PIET C-LIBRARY | PIET C-LIBRARY | 08/02/2013 | Shree prime Books | 200.00 | 1501 | 530 NAA | DE631 | 14/12/2019 | 08/02/2013 | Text Books | |||||||
| Dewey Decimal Classification | Diploma in Mechanical | PIET C-LIBRARY | PIET C-LIBRARY | 08/02/2013 | Shree prime Books | 200.00 | 1501 | 1 | 530 NAA | DE632 | 07/11/2020 | 08/02/2013 | Text Books | 23/11/2020 | 07/11/2020 | ||||
| Dewey Decimal Classification | Diploma in Mechanical | PIET C-LIBRARY | PIET C-LIBRARY | 08/02/2013 | Shree prime Books | 200.00 | 1501 | 1 | 530 NAA | DE633 | 01/08/2023 | 08/02/2013 | Text Books | 10/07/2023 | |||||
| Dewey Decimal Classification | Diploma in Mechanical | PIET C-LIBRARY | PIET C-LIBRARY | 08/02/2013 | Shree prime Books | 200.00 | 1501 | 1 | 530 NAA | DE634 | 26/04/2023 | 08/02/2013 | Text Books | 11/04/2023 | |||||
| Dewey Decimal Classification | Diploma in Mechanical | PIET C-LIBRARY | PIET C-LIBRARY | 08/02/2013 | Shree prime Books | 200.00 | 1501 | 3 | 530 NAA | DE635 | 06/06/2023 | 08/02/2013 | Text Books | 26/05/2023 | |||||
| Dewey Decimal Classification | Diploma in Mechanical | PIET C-LIBRARY | PIET C-LIBRARY | 08/02/2013 | Shree prime Books | 200.00 | 1501 | 530 NAA | DE636 | 04/12/2019 | 08/02/2013 | Text Books | |||||||
| Dewey Decimal Classification | Diploma in Mechanical | PIET C-LIBRARY | PIET C-LIBRARY | 08/02/2013 | Shree prime Books | 200.00 | 1501 | DE637 | 04/12/2019 | 08/02/2013 | Text Books | ||||||||
| Dewey Decimal Classification | Diploma in Mechanical | PIET C-LIBRARY | PIET C-LIBRARY | 08/02/2013 | Shree prime Books | 200.00 | 1501 | 2 | 530 NAA | DE638 | 07/07/2023 | 08/02/2013 | Text Books | 23/06/2023 | |||||
| Dewey Decimal Classification | Diploma in Mechanical | PIET C-LIBRARY | PIET C-LIBRARY | 08/02/2013 | Shree prime Books | 200.00 | 1501 | 1 | DE639 | 27/10/2020 | 08/02/2013 | Text Books | 10/11/2020 | 27/10/2020 | |||||
| Dewey Decimal Classification | Diploma in Mechanical | PIET C-LIBRARY | PIET C-LIBRARY | 08/02/2013 | Shree prime Books | 200.00 | 1501 | DE640 | 04/12/2019 | 08/02/2013 | Text Books | ||||||||
| Dewey Decimal Classification | Diploma in Mechanical | PIET C-LIBRARY | PIET C-LIBRARY | 08/02/2013 | Shree prime Books | 200.00 | 1501 | 3 | 530 NAA | DE641 | 10/07/2023 | 08/02/2013 | Text Books | 26/06/2023 | |||||
| Dewey Decimal Classification | Diploma in Mechanical | PIET C-LIBRARY | PIET C-LIBRARY | 08/02/2013 | Shree prime Books | 200.00 | 1501 | 2 | 530 NAA | DE642 | 05/06/2023 | 08/02/2013 | Text Books | 22/05/2023 | |||||
| Dewey Decimal Classification | Diploma in Mechanical | PIET C-LIBRARY | PIET C-LIBRARY | 08/02/2013 | Shree prime Books | 200.00 | 1501 | 1 | 530 NAA | DE643 | 27/03/2023 | 08/02/2013 | Text Books | 13/03/2023 | |||||
| Dewey Decimal Classification | Diploma in Mechanical | PIET C-LIBRARY | PIET C-LIBRARY | 08/02/2013 | Shree prime Books | 200.00 | 1501 | 1 | DE644 | 27/10/2020 | 08/02/2013 | Text Books | 10/11/2020 | 27/10/2020 | |||||
| Dewey Decimal Classification | Diploma in Mechanical | PIET C-LIBRARY | PIET C-LIBRARY | 08/02/2013 | Shree prime Books | 200.00 | 1501 | 1 | DE645 | 27/10/2020 | 08/02/2013 | Text Books | 10/11/2020 | 27/10/2020 | |||||
| Dewey Decimal Classification | Diploma in Mechanical | PIET C-LIBRARY | PIET C-LIBRARY | 08/02/2013 | Shree prime Books | 200.00 | 1501 | 2 | 530 NAA | DE646 | 10/05/2023 | 08/02/2013 | Text Books | 26/04/2023 | |||||
| Dewey Decimal Classification | Diploma in Mechanical | PIET C-LIBRARY | PIET C-LIBRARY | 08/02/2013 | Shree prime Books | 200.00 | 1501 | 1 | DE647 | 27/10/2020 | 08/02/2013 | Text Books | 10/11/2020 | 27/10/2020 | |||||
| Dewey Decimal Classification | Diploma in Mechanical | PIET C-LIBRARY | PIET C-LIBRARY | 08/02/2013 | Shree prime Books | 200.00 | 1501 | 1 | 530 NAA | DE648 | 10/07/2023 | 08/02/2013 | Text Books | 26/06/2023 | |||||
| Dewey Decimal Classification | Diploma in Mechanical | PIET C-LIBRARY | PIET C-LIBRARY | 08/02/2013 | Shree prime Books | 200.00 | 1501 | 1 | DE649 | 22/10/2020 | 08/02/2013 | Text Books | 05/11/2020 | 22/10/2020 | |||||
| Dewey Decimal Classification | Diploma in Mechanical | PIET C-LIBRARY | PIET C-LIBRARY | 08/02/2013 | Shree prime Books | 200.00 | 1501 | 530 NAA | DE650 | 04/12/2019 | 08/02/2013 | Text Books | |||||||
| Dewey Decimal Classification | Diploma in Mechanical | PIET C-LIBRARY | PIET C-LIBRARY | 08/02/2013 | Shree prime Books | 200.00 | 1501 | 2 | 530 NAA | DE651 | 22/02/2022 | 08/02/2013 | Text Books | 15/02/2022 | |||||
| Dewey Decimal Classification | Diploma in Mechanical | PIET C-LIBRARY | PIET C-LIBRARY | 08/02/2013 | Shree prime Books | 200.00 | 1501 | 3 | 530 NAA | DE652 | 06/02/2026 | 08/02/2013 | Text Books | 02/02/2026 | |||||
| Dewey Decimal Classification | Diploma in Mechanical | PIET C-LIBRARY | PIET C-LIBRARY | 08/02/2013 | Shree prime Books | 200.00 | 1501 | 3 | 530 NAA | DE653 | 17/03/2025 | 08/02/2013 | Text Books | 28/01/2025 | |||||
| Dewey Decimal Classification | Diploma in Mechanical | PIET C-LIBRARY | PIET C-LIBRARY | 08/02/2013 | Shree prime Books | 200.00 | 1501 | 2 | 530 NAA | DE654 | 23/06/2023 | 08/02/2013 | Text Books | 12/06/2023 | |||||
| Dewey Decimal Classification | Diploma in Mechanical | PIET C-LIBRARY | PIET C-LIBRARY | 08/02/2013 | Shree prime Books | 200.00 | 1501 | 530 NAA | DE655 | 04/12/2019 | 08/02/2013 | Text Books | |||||||
| Dewey Decimal Classification | Diploma in Mechanical | PIET C-LIBRARY | PIET C-LIBRARY | 08/02/2013 | Shree prime Books | 200.00 | 1501 | 2 | 530 NAA | DE656 | 10/05/2023 | 08/02/2013 | Text Books | 26/04/2023 | |||||
| Dewey Decimal Classification | Diploma in Mechanical | PIET C-LIBRARY | PIET C-LIBRARY | 08/02/2013 | Shree prime Books | 200.00 | 1501 | 530 NAA | DE657 | 04/12/2019 | 08/02/2013 | Text Books | |||||||
| Dewey Decimal Classification | Diploma in Mechanical | PIET C-LIBRARY | PIET C-LIBRARY | 08/02/2013 | Shree prime Books | 200.00 | 1501 | 1 | DE658 | 06/11/2020 | 08/02/2013 | Text Books | 20/11/2020 | 06/11/2020 | |||||
| Dewey Decimal Classification | Diploma in Mechanical | PIET C-LIBRARY | PIET C-LIBRARY | 08/02/2013 | Shree prime Books | 200.00 | 1501 | 1 | 530 NAA | DE659 | 01/08/2023 | 08/02/2013 | Text Books | 07/07/2023 | |||||
| Dewey Decimal Classification | Diploma in Mechanical | PIET C-LIBRARY | PIET C-LIBRARY | 08/02/2013 | Shree prime Books | 200.00 | 1501 | 1 | 530 NAA | DE660 | 26/06/2023 | 08/02/2013 | Text Books | 09/06/2023 |